Good night, Gorilla / (Record no. 2538)

MARC details
000 -LEADER
fixed length control field 00843pam a2200265 a 4500
005 - DATE AND TIME OF LATEST TRANSACTION
control field 20240108094415.0
020 ## - INTERNATIONAL STANDARD BOOK NUMBER
International Standard Book Number 590535986
040 ## - CATALOGING SOURCE
Original cataloging agency DLC
Transcribing agency DLC
Modifying agency DLC
Language of cataloging eng
050 00 - LIBRARY OF CONGRESS CALL NUMBER
Classification number PZ7.R1936
Item number Go 1994
082 00 - DEWEY DECIMAL CLASSIFICATION NUMBER
Classification number 813.6
100 1# - MAIN ENTRY--PERSONAL NAME
Personal name Rathmann, Peggy
245 10 - TITLE STATEMENT
Title Good night, Gorilla /
Statement of responsibility, etc. Peggy Rathmann
250 ## - EDITION STATEMENT
Edition statement First Scholastic printing , September 1995
260 ## - PUBLICATION, DISTRIBUTION, ETC.
Place of publication, distribution, etc. New York :
Name of publisher, distributor, etc. Scholastic,
Date of publication, distribution, etc. 1994
300 ## - PHYSICAL DESCRIPTION
Extent 34 unnumbered pages :
Other physical details color illustrations ;
Dimensions 19 cm
505 ## - FORMATTED CONTENTS NOTE
Formatted contents note AA <br/>
520 ## - SUMMARY, ETC.
Summary, etc. An unobservant zookeeper is followed home by all the animals he thinks he has left behind in the zoo.
521 ## - TARGET AUDIENCE NOTE
Target audience note 50 BR <br/>
Source Lexile <br/>
521 ## - TARGET AUDIENCE NOTE
Target audience note AA <br/>
Source Raz-Plus <br/>
650 #1 - SUBJECT ADDED ENTRY--TOPICAL TERM
Topical term or geographic name entry element Zoo animals
General subdivision Fiction.
650 #1 - SUBJECT ADDED ENTRY--TOPICAL TERM
Topical term or geographic name entry element Zoos
General subdivision Fiction.
906 ## - LOCAL DATA ELEMENT F, LDF (RLIN)
a 7
b cbc
c orignew
d 1
e ocip
f 19
g y-gencatlg
942 ## - ADDED ENTRY ELEMENTS (KOHA)
Source of classification or shelving scheme Dewey Decimal Classification
Koha item type Books
Suppress in OPAC No
999 ## -
-- 2538
-- 2538
Holdings
Withdrawn status Lost status Source of classification or shelving scheme Damaged status Not for loan Collection Home library Current library Shelving location Date acquired Total Checkouts Full call number Barcode Date last seen Date last checked out Price effective from Koha item type Copy number
    Dewey Decimal Classification     Juvenile Fiction Footprints International School Library Network Toul Kork Campus Footprints International School Library Network Toul Kork Campus TK Primary Library Room(4th Floor), Bookcase 7, Shelves 57-60, Dark Green Books 11/25/2024   RAT 813.6 PZ7.R1936 2024-2363 11/25/2024   11/25/2024 Books 2
    Dewey Decimal Classification     Juvenile Fiction Footprints International School Library Network Toul Kork Campus Footprints International School Library Network Toul Kork Campus TK Primary Library Room(4th Floor), Bookcase 7, Shelves 57-60, Dark Green Books 11/25/2024   RAT 813.6 PZ7.R1936 2024-2364 11/25/2024   11/25/2024 Books 3
    Dewey Decimal Classification     Juvenile Fiction Footprints International School Library Network Toul Kork Campus Footprints International School Library Network Toul Tom Poung Campus   12/14/2023 4 RAT 813.6 PZ7.R1936 FISTK02386 03/19/2026 03/12/2026 12/14/2023 Books